| Tag |
First Indicator |
Second Indicator |
Subfields |
| LEADER |
00000cam a22000008a 4500 |
| 001 |
in00000090880 |
| 005 |
20151008063809.0 |
| 008 |
800808s1981 enka b 10100 engm |
| 010 |
|
|
|a 80049973
|
| 015 |
|
|
|a GB81
|
| 020 |
|
|
|a 0471278033 :
|c 30.00 (est.)
|
| 035 |
|
|
|a (OCoLC)06649744
|
| 035 |
|
|
|9 AAK2943AM
|
| 040 |
|
|
|a DLC
|c DLC
|d m.c.
|d TXA
|d UtOrBLW
|
| 049 |
|
|
|a TXAM
|c [1196083]
|
| 050 |
0 |
0 |
|a QC320
|b .N86 1981
|
| 082 |
0 |
|
|a 536/.2/0015194
|2 19
|
| 245 |
0 |
0 |
|a Numerical methods in heat transfer /
|c edited by R. W. Lewis, K. Morgan, O. C. Zienkiewicz.
|
| 263 |
|
|
|a 8103
|
| 264 |
|
1 |
|a Chichester ;
|a New York :
|b J. Wiley,
|c [1981]
|
| 264 |
|
4 |
|c ©1981
|
| 300 |
|
|
|a xv, 536 pages :
|b illustrations ; 24 cm.
|
| 336 |
|
|
|a text
|b txt
|2 rdacontent
|
| 337 |
|
|
|a unmediated
|b n
|2 rdamedia
|
| 338 |
|
|
|a volume
|b nc
|2 rdacarrier
|
| 490 |
0 |
|
|a Wiley series in numerical methods in engineering
|
| 500 |
|
|
|a "A Wiley-Interscience publication."
|
| 500 |
|
|
|a Papers from an international conference held in Swansea, July 1979.
|
| 504 |
|
|
|a Includes bibliographical references and indexes.
|
| 650 |
|
0 |
|a Heat
|x Transmission.
|
| 650 |
|
0 |
|a Numerical analysis.
|
| 700 |
1 |
|
|a Lewis, R. W.
|q (Roland Wynne)
|
| 700 |
1 |
|
|a Morgan, K.
|q (Kenneth),
|d 1945-
|
| 700 |
1 |
|
|a Zienkiewicz, O. C.
|
| 999 |
|
|
|a MARS
|
| 999 |
f |
f |
|s 2ee7b912-32e5-3a47-aed7-f1554a7d9a9c
|i b101361e-0b5d-3d42-8085-b1501362f162
|t 0
|
| 952 |
f |
f |
|p normal
|a Texas A&M University
|b Galveston Campus
|c Jack K. Williams Library
|s galv stk
|d Galveston Stacks
|t 0
|e QC320 .N86 1981
|h Library of Congress classification
|i unmediated -- volume
|m 33620000346607
|
| 952 |
f |
f |
|p normal
|a Texas A&M University
|b College Station
|c Sterling C. Evans Library
|s Evans stk
|d Evans: Library Stacks
|t 0
|e QC320 .N86 1981
|h Library of Congress classification
|i unmediated -- volume
|m A14825878069
|